Culture-led urban regeneration and community mobilisation: the case of the Taipei Bao-an temple area, Taiwan (Record no. 83382)

000 -LEADER
fixed length control field 00469pab a2200169 454500
008 - FIXED-LENGTH DATA ELEMENTS--GENERAL INFORMATION
fixed length control field 180718b2009 xxu||||| |||| 00| 0 eng d
100 ## - MAIN ENTRY--PERSONAL NAME
Personal name Lin, Cheng-Yi
245 ## - TITLE STATEMENT
Title Culture-led urban regeneration and community mobilisation: the case of the Taipei Bao-an temple area, Taiwan
260 ## - PUBLICATION, DISTRIBUTION, ETC.
Date of publication, distribution, etc. 2009
300 ## - PHYSICAL DESCRIPTION
Extent p.1317-342.
362 ## - DATES OF PUBLICATION AND/OR SEQUENTIAL DESIGNATION
Dates of publication and/or sequential designation Jun
650 ## - SUBJECT ADDED ENTRY--TOPICAL TERM
Topical term or geographic name entry element Urban development
700 ## - ADDED ENTRY--PERSONAL NAME
Personal name Hsing, Woan-Chian
773 ## - HOST ITEM ENTRY
Main entry heading Urban Studies
908 ## - PUT COMMAND PARAMETER (RLIN)
Put command parameter N
909 ## -
-- 83382
Holdings
Withdrawn status Lost status Damaged status Not for loan Permanent Location Current Location Date acquired Serial Enumeration / chronology Barcode Date last seen Price effective from Koha item type
        Indian Institute of Public Administration Indian Institute of Public Administration 2018-07-19 Volume no: 46, Issue no: 7 AR83842 2018-07-19 2018-07-19 Articles

Powered by Koha